Ekstraklasa 24/25 - Statystyki

Ogólne statystyki
  • Ten quiz został rozwiązany 213 razy
  • Średni wynik to 16 z 18
Statystyki odpowiedzi
Drużyny % Poprawnych
Lech Poznań
98%
Legia Warszawa
98%
Lechia Gdańsk
96%
Motor Lublin
94%
Jagiellonia Białystok
93%
Śląsk Wrocław
92%
Cracovia Kraków
90%
GKS Katowice
89%
Pogoń Szczecin
89%
Raków Częstochowa
89%
Zagłębie Lubin
87%
Górnik Zabrze
83%
Widzew Łódź
83%
Piast Gliwice
80%
Korona Kielce
78%
Radomiak Radom
78%
Puszcza Niepołomice
76%
Stal Mielec
74%
Nie znaleziono quizów pasujących do podanych kryteriów
Rozkład punktacji
Procent ludzi z każdym wynikiem
Percentyl według liczby udzielonych odpowiedzi
Twoja historia wyników
Nie rozwiązałeś tego quizu